ბათუმის შოთა რუსთაველის სახელმწიფო უნივერსიტეტის ბიბლიოთეკა

ქაღალდის ფული საქართველოში / (ბიბ.ჩანაწერი № 37616)

000 -ლიდერი
ფიქსირებული სიგრძის საკონტროლო ველი 01434nam a2200289Ia 4500
001 - საკონტროლო ნომერი
საკონტროლო ველი 3588
003 - საკონტროლო ნომრის იდენტიფიკატორი
საკონტროლო ველი GE_BSU
005 - ბოლო ოპერაციის თარიღი და დრო
საკონტროლო ველი 20190627152123.0
008 - ფიქსირებული სიგრძის მონაცემთა ელემენტები - ზოგადი ინფორმაცია
ფიქსირებული სიგრძის საკონტროლო ველი 181216s2007||||ge |||||||||||||| ||geo||
040 ## - კატალოგიზაციის წყარო
Transcribing agency GE_BSU
041 ## - ენის კოდი
Language code of text/sound track or separate title geo
080 ## - უნივერსალური ათობითი კლასიფიკაციის ინდექსი
Universal Decimal Classification number 336.7 ქ–31
245 ## - ცნობა სათაურის შესახებ
Title ქაღალდის ფული საქართველოში /
Statement of responsibility, etc საქ. ეროვნ. ბანკი ; პროექტის ავტ. რომან გოცირიძე ; სარედ. ჯგ.: გიორგი კალანდაძე და სხვ.
264 ## - წარმოების, გამოცემის, დისტრიბუციის და სხვა ცნობები
გამოცემის, წარმოების, დისტრიბუციის... ადგილი თბილისი,
გამოცემის, წარმოების, დისტრიბუციის... თარიღი 2007.
300 ## - ფიზიკური აღწერა
Extent 38 გვ. :
Other physical details ილ. ;
Dimensions 15 სმ.
504 ## - BIBLIOGRAPHY, ETC. NOTE
Bibliography, etc ბიბლიოგრ.: გვ. 38
653 ## - INDEX TERM--UNCONTROLLED
Uncontrolled term ქაღალდის ფული საქართველოში
653 ## - INDEX TERM--UNCONTROLLED
Uncontrolled term ეკონომიკა
700 ## - ADDED ENTRY--PERSONAL NAME
Personal name გოცირიძე, რ.
Relator term პროექტის ავტორი
9 (RLIN) 2990
700 ## - ADDED ENTRY--PERSONAL NAME
Personal name კალანდაძე, გ.
Relator term რედაქტორი
9 (RLIN) 2991
700 ## - ADDED ENTRY--PERSONAL NAME
Personal name ერისთავი, ა.
Relator term თბილისი
9 (RLIN) 2992
700 ## - ADDED ENTRY--PERSONAL NAME
Personal name დოლენჯაშვილი, მ.
Relator term თბილისი
9 (RLIN) 2993
700 ## - ADDED ENTRY--PERSONAL NAME
Personal name წიკლაური, ნ.
Relator term თბილისი
9 (RLIN) 2994
700 ## - ADDED ENTRY--PERSONAL NAME
Personal name ბანცური, მ.
Relator term თბილისი
9 (RLIN) 2995
710 ## - ADDED ENTRY--CORPORATE NAME
Corporate name or jurisdiction name as entry element საქ. ეროვნ. ბანკი
9 (RLIN) 2996
942 ## - ADDED ENTRY ELEMENTS (KOHA)
Koha item type წიგნი
Source of classification or shelving scheme
ეგზემპლარები
ჩამოწერის სტატუსი დაკარგული ეგზემპლარის სტატუსი კლასიფიკაციის წყარო ან თაროზე გაწყობის სქემა დაზიანების სტატუსი არ გაიცემა მუდმივი მდებარეობა (დაცვის ადგილი) ამჟამინდელი ადგილსამყოფელი თაროზე განთავსების ადგილი შეძენის თარიღი სრული შენახვის შიფრი შტრიხკოდი ბოლო ოპერაციის თარიღი ეგზემპლარის მიმდევრობითი ნომერი (კეტერი?) ფასის ძალაში შესვლის თარიღი ეგზემპლარის სახეობა საჯარო შენიშვნა
          ბათუმის შოთა რუსთაველის სახელმწიფო უნივერსიტეტის მთავარი ბიბლიოთეკა ბათუმის შოთა რუსთაველის სახელმწიფო უნივერსიტეტის მთავარი ბიბლიოთეკა წიგნსაცავი 2018-12-17 336.7 ქ–31 5246 2018-12-17 5246 2018-12-17 წიგნი